[Event "Armen Norouz Cup 1st"]
[Site "Esfahan"]
[Date "2011.03.28"]
[Round "6"]
[White "Shahzamani, Arash"]
[Black "Derakhshani, Dorsa"]
[Result "1-0"]
[WhiteElo "2033"]
[BlackElo "1900"]
[PlyCount "43"]
[EventDate "2011.03.25"]
[EventType "swiss"]
[EventRounds "9"]
[EventCountry "IRI"]
[SourceTitle "CBM 141 Extra"]
[Source "ChessBase"]
[SourceDate "2011.05.03"]
[SourceVersion "1"]
[SourceVersionDate "2011.05.03"]
[SourceQuality "1"]

1. e4 e5 2. g3 Nc6 3. Bg2 Bc5 4. Nf3 Nf6 5. d3 d6 6. 0-0 Bg4 7. h3 Be6 8. Be3 Bxe3 9. fxe3 d5 10. exd5 Nxd5 11. Qe2 f6 12. Nbd2 Qd7 13. Kh2 0-0-0 14. Ne4 Bf7 15. a3 h6 16. b4 f5 17. Nc5 Qd6 18. e4 Nc3 19. Qe1 fxe4 20. Ng1 exd3 21. Qxc3 d2 22. Rxf7 1-0